It looks like you're offline.
Open Library logo
additional options menu

MARC Record from Library of Congress

Record ID marc_loc_2016/BooksAll.2016.part04.utf8:100265822:934
Source Library of Congress
Download Link /show-records/marc_loc_2016/BooksAll.2016.part04.utf8:100265822:934?format=raw

LEADER: 00934cam a22002771 4500
001 49004262
003 DLC
005 20070608081042.0
008 761209s1949 fr 000 1 fre
010 $a 49004262
035 $a(OCoLC)2609946
040 $aDLC$cInMuB$dInMuB$dDLC
041 1 $afreeng
050 00 $aPS3537.T3234$bW33
082 $a813.5
100 1 $aSteinbeck, John,$d1902-1968.
240 00 $aWayward bus.$lFrench
245 14 $aLes naufragés de l'autocar$b(Wayward bus); roman.$cTraduit de l'américain par Renée Vavasseur et Marcel Duhamel.
260 $a[Paris]$bGallimard$c[1949]
300 $a252 p.$c21 cm.
490 0 $aDu monde entier,$v81
500 $a"Il a été tiré ... cent cinquante-six exemplaires sur vélin pur." No lxxxvii.
650 0 $aBus travel$vFiction.
650 0 $aTravelers$vFiction.
651 0 $aCalifornia$vFiction.
700 1 $aSteinbeck, John,$d1902-1968.$tWayward bus.$lFrench